[Event "13eme open"]
[Site "Louviers"]
[Round "3"]
[Date "2010.05.23"]
[White "Cleaud, Cyril"]
[Black "Boursier, Xavier"]
[Result "0-1"]
[WhiteElo "1744"]
[BlackElo "2011"]
[PlyCount "134"]

1. e4 c5 2. c3 g6 3. d4 cxd4 4. cxd4 d5 5. Nc3 dxe4 6. Nxe4 Bg7 7. Be3 Nf6 8.
Bb5+ Nbd7 9. Nc3 O-O 10. Nf3 Nb6 11. Qb3 Be6 12. Qa3 a6 13. Be2 Nbd5 14. O-O b5
15. Nxd5 Nxd5 16. Ng5 Nc7 17. Nxe6 Nxe6 18. d5 Nd4 19. Bxd4 Bxd4 20. Bf3 Qd6
21. Qb3 Rac8 22. Rac1 Qe5 23. Rc6 Bxb2 24. Rxa6 Rc5 25. Rb6 Rfc8 26. Rxb5 Rc2
27. Qe3 Bd4 28. Qxe5 Bxe5 29. a4 Bd4 30. g3 Ra2 31. a5 Rcc2 32. Be4 Bxf2+ 33.
Kh1 Rd2 34. Bb1 Ra1 35. Bd3 Ra3 36. Bc4 Rc3 37. Bb3 Rb2 38. Ba4 Re2 39. a6 Ra3
40. Ra5 Ba7 41. Bb5 Rxa5 42. Bxe2 Rxd5 43. Bc4 Rf5 44. Rb1 Rc5 45. Rb7 Rxc4 46.
Rxa7 Ra4 47. Rxe7 {(=)} Rxa6 48. Kg2 Ra2+ 49. Kg1 Kg7 50. Rb7 Kf6 51. Rc7 Ke6
52. Rc6+ Kf5 53. h3 h5 54. Rc7 Kf6 55. Rc6+ Kg7 56. Rc7 Rd2 57. Rb7 Kf6 58.
Rb6+ Ke5 59. Rb7 f6 60. Rg7 Kf5 61. Ra7 g5 62. Ra5+ Ke4 63. h4 gxh4 64. gxh4 f5
65. Ra4+ Kf3 66. Ra3+ Kg4 67. Ra4+ Kg3 0-1

[Event "13eme open"]
[Site "Louviers"]
[Round "3"]
[Date "2010.05.23"]
[White "Van Hyfte, Raphael"]
[Black "Grenet, Dominique"]
[Result "1-0"]
[WhiteElo "1730"]
[BlackElo "1490"]
[PlyCount "81"]

1. d4 d5 2. c4 e6 3. Nf3 Nf6 4. Bg5 Be7 5. cxd5 exd5 6. Nc3 O-O 7. e3 Ne4 8.
Bxe7 Nxc3 9. Bxd8 Nxd1 10. Be7 Re8 11. Ba3 Nxe3 12. fxe3 Rxe3+ 13. Kf2 Re8 14.
Bd3 Bd7 15. Ne5 Be6 16. Rac1 c6 17. Rhe1 f6 18. Nf3 Nd7 19. Rxe6 Rxe6 20. Bf5
Rae8 21. Bxe6+ Rxe6 22. Re1 Kf7 23. Rxe6 Kxe6 24. Ke3 g5 25. g4 a5 26. h4 h6
27. h5 b6 28. b3 b5 29. Bc5 f5 30. Nh2 Nf6 31. Kf3 f4 32. Bf8 a4 33. bxa4 bxa4
34. Bxh6 Ne4 35. Nf1 Kf6 36. Bf8 Nc3 37. a3 Nd1 38. Bb4 Nb2 39. Nd2 Nd1 40. Ba5
Ne3 41. Bd8+ 1-0

[Event "13eme open"]
[Site "Louviers"]
[Round "3"]
[Date "2010.05.23"]
[White "Pigache, Emmanuel"]
[Black "Naji, Nil"]
[Result "0-1"]
[WhiteElo "1300"]
[BlackElo "1099"]
[PlyCount "208"]

1. e4 e5 2. Nf3 Nc6 3. Bc4 Bc5 4. O-O Nf6 5. d3 d5 6. exd5 Nxd5 7. Bg5 Be7 8.
Bxe7 Ndxe7 9. Nc3 O-O 10. h3 a6 11. Ne4 b5 12. Bb3 a5 13. a3 a4 14. Ba2 b4 15.
Nc5 Ng6 16. Re1 bxa3 17. bxa3 Ra5 18. Ne4 Nd4 19. Neg5 Nxf3+ 20. Nxf3 Bb7 21.
Qd2 c6 22. Rab1 Ba8 23. Ng5 Rb5 24. Rbc1 Qf6 25. Ne4 Qe7 26. Bc4 Rb6 27. Ra1 c5
28. Qa5 Qb7 29. Qxc5 Kh8 30. f3 Rc8 31. Qe3 f5 32. Ng5 h6 33. Nf7+ Kh7 34. Nxe5
Nxe5 35. Qxe5 Rf6 36. Rab1 Qa7+ 37. Kh2 Qc7 38. Qxc7 Rxc7 39. Rb8 Bc6 40. c3
Rd6 41. d4 Bd5 42. Bd3 Kg6 43. c4 Bxc4 44. Bc2 Ra7 45. Rc8 Rxd4 46. Rc5 Bd3 47.
Re6+ Kg5 48. Bd1 Bc4 49. Ree5 Rf7 50. Bxa4 Ba2 51. Be8 Rf6 52. a4 g6 53. a5 Rd8
54. Bc6 Rf7 55. Kg3 Ra7 56. Ba4 h5 57. h4+ Kf6 58. Re2 Bf7 59. Rb2 f4+ 60. Kxf4
Rd4+ 61. Kg3 Rxa4 62. Rb6+ Kg7 63. Rg5 R4xa5 64. Rbb5 Rxb5 65. Rxb5 Kh6 66. Rb4
Ra6 67. Rf4 Bg8 68. Re4 Bh7 69. Re5 Rf6 70. f4 Rf5 71. Re6 Bg8 72. Rd6 Bb3 73.
Rd4 Bc2 74. Kh3 Rc5 75. g3 Bf5+ 76. Kh2 Rc2+ 77. Kg1 Rc3 78. Kf2 Bg4 79. Rd5
Rf3+ 80. Kg2 Be6 81. Re5 Bg4 82. Rc5 Ra3 83. Rc2 Bf3+ 84. Kf2 Be4 85. Re2 Rf3+
86. Kg2 Rxf4+ 87. Kh3 Bf5+ 88. Kh2 Rg4 89. Rf2 Bd7 90. Rf3 Ra4 91. Re3 Ra2+ 92.
Kg1 g5 93. Rd3 Bf5 94. Rd6+ Bg6 95. hxg5+ Kxg5 96. Rd4 Bf5 97. Rf4 Bh3 98. Rf2
Rxf2 99. Kxf2 Kg4 100. Kg1 Kxg3 101. Kh1 Bd7 102. Kg1 Bc6 103. Kf1 h4 104. Kg1
h3 0-1

[Event "13eme open"]
[Site "Louviers"]
[Round "3"]
[Date "2010.05.23"]
[White "Dunand, Damien"]
[Black "Aknouche, Abdesslem"]
[Result "0-1"]
[WhiteElo "1650"]
[BlackElo "1800"]
[PlyCount "82"]

1. c4 e5 2. Nc3 Nf6 3. g3 g6 4. Bg2 Bg7 5. e3 O-O 6. Nge2 d6 7. d4 a6 8. O-O c6
9. d5 c5 10. Rb1 Nh5 11. e4 f5 12. f4 Qe7 13. Qd3 Nd7 14. Bd2 Rb8 15. a4 exf4
16. Nxf4 Ne5 17. Qe2 Nxf4 18. Bxf4 Ng4 19. exf5 Bd4+ 20. Kh1 Qxe2 21. Nxe2 Nf2+
22. Kg1 Nh3+ 23. Kh1 Nxf4 24. Nxd4 Nxg2 25. Kxg2 cxd4 26. fxg6 hxg6 27. Rxf8+
Kxf8 28. Rd1 b5 29. axb5 axb5 30. cxb5 Rxb5 31. Rd2 Rxd5 32. Kf3 Ke7 33. Ke4
Bb7 34. h4 Re5+ 35. Kxd4 Rd5+ 36. Kc3 Rxd2 37. Kxd2 Kf6 38. Ke3 Ke5 39. b4 Kf5
40. b5 Kg4 41. Kf2 d5 0-1

[Event "13eme open"]
[Site "Louviers"]
[Round "3"]
[Date "2010.05.23"]
[White "Bonte, Gerard"]
[Black "Bordelet, Louis"]
[Result "1-0"]
[WhiteElo "1630"]
[BlackElo "1780"]
[PlyCount "113"]

1. e4 c5 2. Nf3 Nc6 3. c3 g6 4. Be2 Bg7 5. O-O Nf6 6. Qc2 d6 7. Na3 a6 8. Nc4
b5 9. Ne3 e6 10. Re1 O-O 11. d3 Qc7 12. Bd2 Bb7 13. Rad1 Rad8 14. Bc1 d5 15.
exd5 Nxd5 16. Nf1 Nf4 17. Ng3 Nxe2+ 18. Rxe2 Ne7 19. Ne1 Rd7 20. Ne4 Rfd8 21.
Bg5 Bxe4 22. Rxe4 h6 23. Bf4 Qc6 24. Qe2 Rd5 25. h3 Kh7 26. Bc1 Qd7 27. c4 Rd4
28. b3 Nc6 29. Re3 Rd6 30. a3 Nd4 31. Qa2 Nc6 32. Qb1 b4 33. a4 f5 34. Kh1 Ne5
35. Bb2 Nc6 36. Bxg7 Qxg7 37. Nf3 e5 38. Rde1 R8d7 39. Nxe5 Nxe5 40. Rxe5 Rc6
41. Qd1 h5 42. Qe2 Qf6 43. Re7+ Rxe7 44. Qxe7+ Qxe7 45. Rxe7+ Kh6 46. Re3 Kg5
47. Kg1 Kf6 48. Kf1 Rd6 49. Ke2 g5 50. g3 a5 51. Re8 Re6+ 52. Rxe6+ Kxe6 53.
Ke3 Kd7 54. h4 f4+ 55. Ke4 Ke6 56. hxg5 f3 57. Kf4 1-0

[Event "13eme open"]
[Site "Louviers"]
[Round "3"]
[Date "2010.05.23"]
[White "Ribeiro, Joao"]
[Black "De Saint Jores, Clement"]
[Result "1-0"]
[WhiteElo "1390"]
[BlackElo "1160"]
[PlyCount "119"]

1. e4 e5 2. Nf3 Nc6 3. Bc4 Nf6 4. d4 exd4 5. O-O Bc5 6. e5 Ne4 7. Qe2 Nxf2 8.
Rxf2 d3 9. cxd3 Bxf2+ 10. Qxf2 O-O 11. Ng5 Nxe5 12. Qh4 h6 13. Qe4 hxg5 14.
Qxe5 d6 15. Qxg5 Qxg5 16. Bxg5 Be6 17. Nc3 Bxc4 18. dxc4 f6 19. Bf4 Rac8 20.
Re1 Rf7 21. Kf2 Kf8 22. Re3 Re7 23. Rxe7 Kxe7 24. Ke3 g5 25. Bg3 c6 26. Ne4 d5
27. Nd6 Rd8 28. c5 b6 29. Kd4 bxc5+ 30. Kxc5 Ke6 31. Kxc6 Rb8 32. b3 Rb6+ 33.
Kc5 f5 34. Nc8 Ra6 35. a4 Ra5+ 36. Kb4 Kd7 37. Kxa5 Kxc8 38. Bf2 Kb7 39. Kb5
a6+ 40. Kc5 d4 41. Bxd4 f4 42. Bf2 g4 43. g3 f3 44. Kd5 a5 45. Ke4 Kc6 46. Kf4
Kd5 47. Kxg4 Ke4 48. h4 Kd3 49. Kxf3 Kc2 50. Be1 Kxb3 51. Bxa5 Kxa4 52. Bd8 Kb5
53. Kf4 Kc6 54. Kf5 Kd7 55. Ba5 Ke8 56. Bc3 Kf7 57. h5 Kg8 58. Kg6 Kf8 59. h6
Kg8 60. h7+ 1-0

[Event "13eme open"]
[Site "Louviers"]
[Round "3"]
[Date "2010.05.23"]
[White "Soriano, Manon"]
[Black "Veniat, Nicolas"]
[Result "1/2"]
[WhiteElo "1490"]
[BlackElo "1859"]
[PlyCount "138"]

1. e4 d5 2. exd5 Nf6 3. Nf3 Nxd5 4. d4 Bg4 5. Be2 e6 6. c4 Nf6 7. O-O c5 8. Be3
cxd4 9. Bxd4 Nc6 10. Be3 Qc7 11. Nc3 a6 12. Qb3 Bd6 13. h3 Bh5 14. Bb6 Qe7 15.
Rad1 O-O 16. Be3 Bg6 17. a3 Rac8 18. Bg5 Kh8 19. Bxf6 gxf6 20. Bd3 Rg8 21. Rfe1
Bh5 22. Be2 Bg6 23. Nh4 Ne5 24. Nxg6+ Rxg6 25. Ne4 Bb8 26. Qc3 Qc7 27. g3 Rcg8
28. Qe3 Qe7 29. Kh2 R6g7 30. Qh6 Rg6 31. Qe3 Qf8 32. Rg1 Rh6 33. Rd8 Rxh3+ 34.
Kxh3 Qxd8 35. Qh6 Rg6 36. Qe3 Qf8 37. Kg2 Qh6 38. Qxh6 Rxh6 39. Rh1 Rxh1 40.
Kxh1 Nd7 41. Kg2 Ba7 42. Nd6 b6 43. Nxf7+ Kg7 44. Nd6 Bb8 45. Ne4 Be5 46. b4
Kg6 47. c5 bxc5 48. bxc5 f5 49. c6 Nb8 50. Nc5 Nxc6 51. Bxa6 Kf7 52. a4 Ke7 53.
Bc8 Bd6 54. Nxe6 Na7 55. Ng7 Nxc8 56. Nxf5+ Kd7 57. Nxd6 Nxd6 58. Kf3 Kc6 59.
Kf4 Kc5 60. Ke5 Nc4+ 61. Kf6 Nd2 62. Kf5 Kb4 63. f4 Kxa4 64. Kg4 Kb5 65. f5 Ne4
66. Kf4 Nxg3 67. Kxg3 Kc6 68. Kf4 Kd7 69. Kg5 Ke7 1/2-1/2

[Event "13eme open"]
[Site "Louviers"]
[Round "1"]
[Date "2010.05.22"]
[White "Ribeiro, Joao"]
[Black "Vappereau, Xavier"]
[Result "0-1"]
[WhiteElo "1390"]
[BlackElo "1810"]
[PlyCount "82"]

1. e4 c5 2. c3 d6 3. d4 cxd4 4. cxd4 Nf6 5. Nc3 e6 6. d5 exd5 7. exd5 Bf5 8.
Bd3 Bxd3 9. Qxd3 Be7 10. Nf3 O-O 11. O-O a6 12. Bg5 Nbd7 13. Rfe1 Nc5 14. Qe2
Re8 15. h4 b5 16. Nh2 b4 17. Nd1 Nxd5 18. Qf3 Bxg5 19. Rxe8+ Qxe8 20. Qxd5 Bxh4
21. g3 Be7 22. b3 Rc8 23. Ne3 Qc6 24. Re1 a5 25. Qxc6 Rxc6 26. Nc4 Kf8 27. Nxa5
Ra6 28. Nc4 Rxa2 29. Re3 Ra1+ 30. Kg2 Rb1 31. Na5 Bd8 32. Nc6 Bb6 33. Nxb4 Rxb3
34. Nd5 Rxe3 35. fxe3 Ba7 36. Kf3 Ne6 37. Nf1 Ke8 38. e4 Kd7 39. Nfe3 Nd4+ 40.
Kf4 Ne2+ 41. Kf3 Bxe3 0-1

[Event "13eme open"]
[Site "Louviers"]
[Round "1"]
[Date "2010.05.22"]
[White "Langlet, Stephanie"]
[Black "Broustet, Pierre"]
[Result "0-1"]
[WhiteElo "1490"]
[BlackElo "1840"]
[PlyCount "150"]

1. e4 c5 2. c3 d5 3. exd5 Qxd5 4. d4 cxd4 5. Qxd4 Qxd4 6. cxd4 Nf6 7. Nf3 e6 8.
Bg5 Ne4 9. Nc3 Bb4 10. Bd2 Nxd2 11. Nxd2 a6 12. a3 Be7 13. Be2 Bf6 14. Nf3 O-O
15. O-O Rd8 16. Rad1 Nc6 17. d5 Ne7 18. dxe6 Bxe6 19. Rxd8+ Rxd8 20. Rd1 Nf5
21. Rxd8+ Bxd8 22. b4 Nd6 23. Kf1 Nc4 24. a4 Be7 25. b5 a5 26. Nd4 Bb4 27. Nxe6
Nd2+ 28. Ke1 Ne4 29. Nd8 Nxc3 30. Nxb7 Nxb5+ 31. Kf1 Nc3 32. Bb5 Kf8 33. Nd8
Ke7 34. Nc6+ Kd6 35. Nd4 g5 36. f3 Kd5 37. Nb3 Nxb5 38. Nxa5 Nc3 39. Nb7 Nxa4
40. Ke2 f5 41. Nd8 Be7 42. Nf7 Nc5 43. g4 fxg4 44. fxg4 Ne6 45. Kf3 Bf6 46. h3
Bg7 47. Kg3 Be5+ 48. Nxe5 Kxe5 49. h4 h6 50. hxg5 hxg5 51. Kf3 Kd4 52. Kg2 Ke3
53. Kg3 Nc5 54. Kg2 Ne4 55. Kh2 Kf3 56. Kh3 Nf2+ 57. Kh2 Nxg4+ 58. Kh1 Kg3 59.
Kg1 Nf2 60. Kf1 Kh2 61. Kxf2 g4 62. Ke3 g3 63. Kf4 g2 64. Ke4 g1=R 65. Kf4 Kh3
66. Kf3 Rf1+ 67. Ke3 Kg3 68. Ke2 Rf8 69. Kd3 Re8 70. Kd4 Kf4 71. Kd5 Kf5 72.
Kd4 Re7 73. Kd3 Kf4 74. Kd4 Rd7+ 75. Kc5 Ke4 0-1

[Event "13eme open"]
[Site "Louviers"]
[Round "1"]
[Date "2010.05.22"]
[White "Diologent, Matthieu"]
[Black "Arinal, Serge"]
[Result "1-0"]
[WhiteElo "1944"]
[BlackElo "1670"]
[PlyCount "99"]

1. e4 e6 2. d4 d5 3. Nd2 Nf6 4. e5 Nfd7 5. Bd3 c5 6. c3 Nc6 7. Ne2 cxd4 8. cxd4
Be7 9. Nf3 f6 10. Nf4 Bb4+ 11. Bd2 Bxd2+ 12. Qxd2 Qe7 13. exf6 Nxf6 14. O-O O-O
15. Rfe1 Qb4 16. Qxb4 Nxb4 17. a3 Nxd3 18. Nxd3 b6 19. Rac1 Re8 20. Rc7 Ne4 21.
Rec1 Nd6 22. Nde5 Nb5 23. Rf7 Nd6 24. Rfc7 Nb5 25. R7c2 Bb7 26. a4 Nd6 27. b4
Rac8 28. Kf1 Rxc2 29. Rxc2 Rc8 30. Rxc8+ Bxc8 31. Nc6 Nf5 32. Nxa7 Bd7 33. b5
Nd6 34. Ne5 Be8 35. Nac6 Ne4 36. Ne7+ Kf8 37. Nc8 Nc3 38. Nxb6 Nxa4 39. Ned7+
Bxd7 40. Nxd7+ Ke7 41. Nc5 Nb6 42. Ke2 Kd6 43. f4 Nd7 44. Nxd7 Kxd7 45. Kd3 Kc7
46. Kc3 g6 47. Kb4 Kb6 48. h4 h6 49. g3 h5 50. Ka4 1-0

[Event "13eme open"]
[Site "Louviers"]
[Round "1"]
[Date "2010.05.22"]
[White "Varigault, Nicole"]
[Black "Josse, Sebastien"]
[Result "0-1"]
[WhiteElo "1190"]
[BlackElo "1793"]
[PlyCount "106"]

1. e4 c5 2. Bc4 Nc6 3. d3 g6 4. Nf3 Bg7 5. a3 d6 6. O-O Nf6 7. c3 O-O 8. Bf4
Nh5 9. Be3 Bg4 10. Nbd2 Ne5 11. h3 Bxf3 12. Nxf3 Nxc4 13. dxc4 Qc7 14. Rc1 a5
15. b4 axb4 16. axb4 Ra3 17. Qe1 Nf6 18. Bf4 Qc6 19. e5 dxe5 20. Nxe5 Qe6 21.
b5 Nh5 22. Nd3 Nxf4 23. Nxf4 Qxc4 24. g3 e5 25. Ne2 Qxb5 26. c4 Qd7 27. Nc3 Qd4
28. Nb5 Rxg3+ 29. Kh2 Rxh3+ 30. Kxh3 Qd3+ 31. Qe3 Qf5+ 32. Kg2 b6 33. Nd6 Qe6
34. Ne4 f5 35. Ng5 Qc6+ 36. f3 h6 37. Nh3 g5 38. Qd3 g4 39. Qd5+ Qxd5 40. cxd5
gxh3+ 41. Kxh3 Rd8 42. Rcd1 Bf6 43. Rg1+ Kf7 44. d6 Bg5 45. Rg2 b5 46. Rgd2
Bxd2 47. Rxd2 Ke6 48. Kg3 Rxd6 49. Rh2 Kd5 50. Rh5 c4 51. Rxf5 c3 52. Rh5 c2
53. Rh1 Kc4 0-1

[Event "13eme open"]
[Site "Louviers"]
[Round "1"]
[Date "2010.05.22"]
[White "Duverne, Jean-Marie"]
[Black "Frey, Alain"]
[Result "1-0"]
[WhiteElo "2153"]
[BlackElo "1720"]
[PlyCount "109"]

1. e4 c5 2. c3 g6 3. d4 cxd4 4. cxd4 Bg7 5. Nf3 d6 6. Nc3 Nf6 7. Be2 a6 8. O-O
O-O 9. h3 b5 10. a3 Bb7 11. d5 e6 12. dxe6 fxe6 13. Ng5 Qe7 14. Bg4 Nxg4 15.
Qxg4 Bc8 16. Be3 Nc6 17. Rad1 Bxc3 18. bxc3 Na5 19. Qg3 Nc4 20. Bc1 Bb7 21.
Rfe1 e5 22. Nf3 Qc7 23. h4 Qg7 24. Nh2 Bc8 25. Nf1 Be6 26. Ne3 Rad8 27. Nxc4
Bxc4 28. Bg5 Rd7 29. Qe3 Qf7 30. Rd2 Qe6 31. Qb6 Kg7 32. Red1 Qf7 33. Rxd6 Rxd6
34. Rxd6 Qe8 35. Rd8 Qf7 36. Rxf8 Qxf8 37. Qc7+ Kg8 38. Qxe5 h6 39. Be7 Qf7 40.
Bc5 Qg7 41. Qe8+ Kh7 42. Bd4 Qg8 43. Qe5 Be6 44. f4 h5 45. Kf2 Bc4 46. Ke3 Be6
47. g3 Bc4 48. Qf6 Be6 49. Qe7+ Kh6 50. Qg5+ Kh7 51. f5 Bf7 52. Kf4 Qb8+ 53.
Be5 Qb6 54. Qe7 Kh6 55. Bd4 1-0

[Event "13eme open"]
[Site "Louviers"]
[Round "1"]
[Date "2010.05.22"]
[White "Saint-Gilles, Damien"]
[Black "Boursier, Xavier"]
[Result "1/2"]
[WhiteElo "1678"]
[BlackElo "2011"]
[PlyCount "115"]

1. d4 Nf6 2. g3 g6 3. Bg2 Bg7 4. Nf3 O-O 5. Bd2 c5 6. dxc5 Ne4 7. c3 Na6 8. Be3
Naxc5 9. Nbd2 d6 10. O-O a5 11. Nd4 Nxd2 12. Qxd2 Rb8 13. Bh6 Ne6 14. Bxg7 Kxg7
15. e4 Qb6 16. Rfc1 Nc5 17. Rc2 h6 18. Qe3 e5 19. Ne2 Be6 20. c4 Qa6 21. b3 b5
22. cxb5 Rxb5 23. Bf1 Qb7 24. Bg2 a4 25. bxa4 Nxa4 26. Qd2 Rb1+ 27. Rc1 Rb2 28.
Rc2 Rb8 29. Rac1 {(=)} Qb4 30. Rxb2 Nxb2 31. Qxb4 Rxb4 32. Rc6 Na4 33. Rxd6
Rb1+ 34. Bf1 Bh3 35. Kh1 Rxf1+ 36. Ng1 Rxf2 37. Nxh3 Rxa2 38. Rc6 Re2 39. Rc4
Nb2 40. Rb4 Nd3 41. Rb3 Nc5 42. Rb5 Nxe4 43. Kg1 Nf6 44. Nf2 e4 45. Rb3 Re1+
46. Kg2 h5 47. h4 Nd5 48. Nh3 Re2+ 49. Kf1 Re3 50. Rb7 Rf3+ 51. Ke1 e3 52. Ke2
Rf5 53. Ng5 Rf2+ 54. Ke1 Rf6 55. Ke2 Rf5 56. Rd7 Rf2+ 57. Ke1 Rf5 58. Ke2
1/2-1/2

[Event "13eme open"]
[Site "Louviers"]
[Round "1"]
[Date "2010.05.22"]
[White "Rousselin, Marc"]
[Black "Veniat, Nicolas"]
[Result "1-0"]
[WhiteElo "1612"]
[BlackElo "1859"]
[PlyCount "122"]

1. e4 d5 2. exd5 Nf6 3. d4 Nxd5 4. c4 Nf6 5. Nf3 Bg4 6. Be2 e6 7. O-O c5 8.
dxc5 Qxd1 9. Rxd1 Bxc5 10. Nc3 Nc6 11. Bf4 Bb4 12. Nb5 O-O 13. a3 Be7 14. Nd6
e5 15. Bg3 e4 16. Nd4 Nxd4 17. Bxg4 Nb3 18. Bf5 Nxa1 19. Rxa1 Bxd6 20. Bxd6
Rfd8 21. c5 g6 22. Bh3 Ne8 23. Rd1 f5 24. g4 Ng7 25. b4 Kf7 26. Kf1 Kf6 27. Ke2
Ke6 28. a4 Ne8 29. gxf5+ gxf5 30. Ke3 Nxd6 31. cxd6 Ke5 32. d7 a6 33. f4+ Ke6
34. Rd4 b6 35. Rxe4+ Kxd7 36. Bxf5+ Kd6 37. Re6+ Kc7 38. Re7+ Kd6 39. Re6+ Kc7
40. Re7+ Kb8 41. Rxh7 Ra7 42. Rxa7 Kxa7 43. h3 Rd1 44. b5 a5 45. Ke4 Rc1 46.
Be6 Rb1 47. f5 Rb4+ 48. Ke5 Rxa4 49. f6 Ra1 50. f7 Rf1 51. Kd6 Kb7 52. Ke7 Kc7
53. f8=Q Rxf8 54. Kxf8 Kd6 55. Kf7 Kc5 56. h4 Kxb5 57. h5 Ka4 58. h6 b5 59. h7
b4 60. h8=Q b3 61. Qa1+ Kb4 1-0

[Event "13eme open"]
[Site "Louviers"]
[Round "1"]
[Date "2010.05.22"]
[White "Berrou, Andre"]
[Black "Soriano, Manon"]
[Result "1-0"]
[WhiteElo "1820"]
[BlackElo "1490"]
[PlyCount "59"]

1. e4 c5 2. f4 Nc6 3. Nf3 d6 4. Bc4 g6 5. O-O Bg7 6. c3 Nf6 7. d3 O-O 8. a3 Rb8
9. h3 d5 10. exd5 Nxd5 11. Qe1 Qd6 12. Ng5 b5 13. Ne4 Qd8 14. Ba2 b4 15. Nxc5
bxc3 16. bxc3 Nxc3 17. Nxc3 Qd4+ 18. Be3 Qxc3 19. Qxc3 Bxc3 20. Rab1 Rxb1 21.
Rxb1 Rd8 22. Bc4 Kg7 23. Ne4 h6 24. Nxc3 Na5 25. Bxa7 Bf5 26. Bb6 Ra8 27. Bxa5
Rxa5 28. a4 Rc5 29. Rb5 Rc8 30. Nd5 1-0

[Event "13eme open"]
[Site "Louviers"]
[Round "1"]
[Date "2010.05.22"]
[White "Van Hyfte, Raphael"]
[Black "Tirard, Hugo"]
[Result "0-1"]
[WhiteElo "1730"]
[BlackElo "2447"]
[PlyCount "88"]

1. d4 Nf6 2. Nf3 c5 3. e3 g6 4. c4 Bg7 5. Nc3 cxd4 6. exd4 O-O 7. Be2 d5 8.
cxd5 Nxd5 9. O-O Nc6 10. Be3 Nxe3 11. fxe3 Bh6 12. d5 Bxe3+ 13. Kh1 Nb8 14. Qb3
Nd7 15. Ne4 Qb6 16. Bc4 Qxb3 17. Bxb3 Nc5 18. Nxc5 Bxc5 19. Nd2 Bf5 20. h3 Rad8
21. Nf3 Kg7 22. Rfe1 h6 23. Rad1 Rfe8 24. g4 Bc8 25. Kg2 e6 26. dxe6 Rxd1 27.
Rxd1 Bxe6 28. Bxe6 Rxe6 29. Re1 Kf6 30. Rxe6+ Kxe6 31. Nd2 Kd5 32. Kf3 Bd4 33.
b3 b5 34. Kf4 Bb2 35. Ne4 Bc1+ 36. Kf3 Ke5 37. Nf2 Kd4 38. Ne4 Ba3 39. Nf2 Kc3
40. Nd1+ Kc2 41. Ke2 Bc5 42. h4 b4 43. Ne3+ Bxe3 44. Kxe3 Kb2 0-1

[Event "13eme open"]
[Site "Louviers"]
[Round "1"]
[Date "2010.05.22"]
[White "Aknouche, Abdesslem"]
[Black "Pigache, Emmanuel"]
[Result "1-0"]
[WhiteElo "1800"]
[BlackElo "1300"]
[PlyCount "64"]

1. d4 g6 2. Nf3 Bg7 3. e3 c6 4. Bd3 Nf6 5. O-O O-O 6. c3 d5 7. Nbd2 Nbd7 8. e4
Nb6 9. e5 Nh5 10. Re1 Nf4 11. Bc2 Bg4 12. Nb3 Ne6 13. h3 Bh5 14. g4 Bxg4 15.
hxg4 Nc4 16. Kg2 Nc7 17. Rh1 e6 18. Ng5 f5 19. Nxh7 Rf7 20. g5 Ne8 21. Nc5 Re7
22. Nf6+ Kf7 23. Rh7 Kf8 24. Qh1 Nxe5 25. dxe5 Rf7 26. Nxe6+ Ke7 27. Nxd8 Rxd8
28. b3 b6 29. Kg3 Nc7 30. Ba3+ Ke6 31. Rd1 Nb5 32. Bb2 Rh8 1-0

[Event "13eme open"]
[Site "Louviers"]
[Round "1"]
[Date "2010.05.22"]
[White "Dunand, Damien"]
[Black "Vigneron, Frederic"]
[Result "0-1"]
[WhiteElo "1650"]
[BlackElo "1928"]
[PlyCount "32"]

1. c4 e6 2. g3 f5 3. Bg2 Nf6 4. e3 Be7 5. Ne2 O-O 6. Nbc3 d5 7. cxd5 exd5 8.
Qb3 c6 9. d3 Kh8 10. O-O Nbd7 11. Qc2 Ne5 12. f4 Neg4 13. Na4 Qe8 14. e4 fxe4
15. dxe4 dxe4 16. Nc5 Qh5 0-1

[Event "13eme open"]
[Site "Louviers"]
[Round "1"]
[Date "2010.05.22"]
[White "Naji, Nil"]
[Black "Plessis, Arnaud"]
[Result "0-1"]
[WhiteElo "1099"]
[BlackElo "1777"]
[PlyCount "30"]

1. e4 e5 2. Nf3 Nc6 3. Bc4 Nd4 4. Nxe5 Qg5 5. Bxf7+ Kd8 6. O-O Qxe5 7. Bxg8
Rxg8 8. d3 d6 9. Nc3 Be6 10. Re1 c6 11. Rb1 Kd7 12. Bd2 Be7 13. g3 g5 14. f4
gxf4 15. Bxf4 Qxf4 0-1

[Event "13eme open"]
[Site "Louviers"]
[Round "1"]
[Date "2010.05.22"]
[White "Roussel, Julien"]
[Black "Grenet, Dominique"]
[Result "1-0"]
[WhiteElo "1842"]
[BlackElo "1480"]
[PlyCount "37"]

1. d4 d5 2. c4 Nf6 3. Nc3 e6 4. cxd5 Nxd5 5. e4 Nxc3 6. bxc3 b6 7. Bb5+ c6 8.
Bd3 Bb7 9. Nf3 Nd7 10. Bf4 Be7 11. O-O O-O 12. Qe2 Nf6 13. Rfd1 Bd6 14. Bxd6
Qxd6 15. e5 Qe7 16. exf6 Qxf6 17. Qe5 Qe7 18. Bxh7+ Kh8 19. Qh5 1-0

[Event "13eme open"]
[Site "Louviers"]
[Round "2"]
[Date "2010.05.22"]
[White "Plessis, Arnaud"]
[Black "Roussel, Julien"]
[Result "0-1"]
[WhiteElo "1777"]
[BlackElo "1842"]
[PlyCount "102"]

1. e4 Nf6 2. e5 Nd5 3. d4 d6 4. c4 Nb6 5. exd6 cxd6 6. Nc3 g6 7. Be3 Bg7 8. Qd2
O-O 9. Bh6 e5 10. Bxg7 Kxg7 11. dxe5 dxe5 12. Qxd8 Rxd8 13. c5 N6d7 14. O-O-O
Nc6 15. Rd5 Nf6 16. Rxd8 Nxd8 17. Nf3 Ng4 18. Nd1 f6 19. h3 Nh6 20. Nc3 Be6 21.
b4 a5 22. a3 axb4 23. axb4 Ra3 24. Kd2 Rb3 25. b5 Rb2+ 26. Kd3 Rxf2 27. Ne2 Nf5
28. Nd2 Bd5 29. Ne4 Bxe4+ 30. Kxe4 Rxe2+ 31. Bxe2 Ng3+ 32. Kf3 Nxh1 33. g4 Ne6
34. c6 b6 35. Bc4 Nc7 36. Kg2 Kf8 37. Kxh1 {(=)} Ke7 38. Kg2 Kd6 39. Kf3 Kc5
40. Bf1 Kd4 41. Be2 e4+ 42. Kf2 f5 43. gxf5 gxf5 44. h4 f4 45. Ke1 f3 46. Bf1
e3 47. h5 h6 48. Kd1 e2+ 49. Bxe2 fxe2+ 50. Kxe2 Nxb5 51. Kf3 Ke5 0-1

[Event "13eme open"]
[Site "Louviers"]
[Round "1"]
[Date "2010.05.22"]
[White "Cleaud, Cyril"]
[Black "Voegele, Francois-Marie"]
[Result "1-0"]
[WhiteElo "1744"]
[BlackElo "1070"]
[PlyCount "91"]

1. e4 e5 2. Nf3 d6 3. d4 exd4 4. Nxd4 Be6 5. Nc3 Nf6 6. Be3 Be7 7. Nxe6 fxe6 8.
Bc4 Qd7 9. O-O Nc6 10. Qe2 O-O 11. f4 Nd8 12. Rad1 Qc6 13. Bc1 Kh8 14. e5 dxe5
15. fxe5 Nd7 16. Bd3 Rxf1+ 17. Rxf1 g6 18. Be3 Bc5 19. Qf2 Bxe3 20. Qxe3 Qb6
21. Qxb6 axb6 22. Re1 Nc5 23. Bc4 c6 24. Ne4 Nxe4 25. Rxe4 b5 26. Bb3 c5 27. a3
Rc8 28. a4 bxa4 29. Bxa4 h5 30. Rf4 b6 31. Rf6 Kh7 32. Bd7 Ra8 33. Bxe6 Ra2 34.
Bxa2 b5 35. Rd6 Nb7 36. Rd7+ Kh6 37. Rxb7 b4 38. Bg8 Kg5 39. e6 Kf6 40. e7 Ke5
41. e8=Q+ Kd4 42. Qb5 Ke3 43. Qd3+ Kf4 44. Re7 g5 45. Bh7 g4 46. Qe3# 1-0

[Event "13eme open"]
[Site "Louviers"]
[Round "1"]
[Date "2010.05.22"]
[White "Victor, Daniel"]
[Black "Bonte, Gerard"]
[Result "1-0"]
[WhiteElo "1880"]
[BlackElo "1630"]
[PlyCount "97"]

1. d4 Nf6 2. Bg5 e6 3. e4 Be7 4. e5 Nd5 5. Bxe7 Nxe7 6. Nf3 d6 7. Bd3 Nbc6 8.
c3 dxe5 9. dxe5 Ng6 10. Bxg6 Qxd1+ 11. Kxd1 hxg6 12. Nbd2 Ke7 13. Kc2 b5 14.
Nb3 Bb7 15. Nc5 Rab8 16. Nxb7 Rxb7 17. b3 f6 18. Rae1 f5 19. Nd4 Nxd4+ 20. cxd4
c6 21. b4 Rd7 22. Kc3 Rh4 23. Rd1 Rf4 24. f3 Rh4 {(=)} 25. g3 Rh8 26. Rd2 g5
27. h4 gxh4 28. gxh4 g6 29. Rg2 Kf7 30. Rhg1 Rg8 31. h5 Rdd8 32. hxg6+ Kg7 33.
a4 Rh8 34. axb5 cxb5 35. Ra1 Rc8+ 36. Kd3 Rc7 37. Rga2 Ra8 38. Ra6 Re7 39. R1a5
Kxg6 40. Rxb5 Kf7 41. Rc5 Rd8 42. Rac6 Red7 43. Rc7 Ke7 44. Rxd7+ Rxd7 45. Kc4
a6 46. f4 Kd8 47. Rc6 Rc7 48. Rxc7 Kxc7 49. Kc5 1-0

[Event "13eme open"]
[Site "Louviers"]
[Round "2"]
[Date "2010.05.22"]
[White "Frey, Alain"]
[Black "Ribeiro, Joao"]
[Result "1-0"]
[WhiteElo "1720"]
[BlackElo "1390"]
[PlyCount "33"]

1. e4 e5 2. Nf3 Nf6 3. Nc3 Nc6 4. d4 exd4 5. Nxd4 Bb4 6. Nxc6 bxc6 7. Bd3 d5 8.
Bd2 Bxc3 9. Bxc3 O-O 10. e5 Re8 11. O-O Ng4 12. h3 Nxe5 13. Bxh7+ Kh8 14. Qh5
Qf6 15. Bg6+ Kg8 16. Qh7+ Kf8 17. Bb4+ 1-0

[Event "13eme open"]
[Site "Louviers"]
[Round "2"]
[Date "2010.05.22"]
[White "Boursier, Xavier"]
[Black "Rousselin, Marc"]
[Result "1-0"]
[WhiteElo "2011"]
[BlackElo "1612"]
[PlyCount "103"]

1. e4 c5 2. c3 d5 3. exd5 Qxd5 4. d4 Nc6 5. Nf3 Bg4 6. dxc5 Qxd1+ 7. Kxd1 Nf6
8. b4 g6 9. Be3 Bg7 10. b5 Ne5 11. Be2 Nxf3 12. gxf3 Bf5 13. Bd4 O-O 14. Nd2
Rfe8 15. Rc1 Rad8 16. Bc4 e5 17. Be3 Bd3 18. Bxd3 Rxd3 19. Kc2 Rdd8 20. Rcd1
Nd5 21. Nc4 Nxe3+ 22. fxe3 Bf8 23. Rxd8 Rxd8 24. Nxe5 Bxc5 25. e4 Be3 26. Nc4
Bf4 27. h3 f6 28. Rd1 Rxd1 29. Kxd1 Kf7 30. Na5 a6 31. bxa6 bxa6 32. Ke2 Ke6
33. Nb7 Ke7 34. Kd3 Bc7 35. Kc4 Be5 36. Kb4 Bc7 37. c4 f5 38. exf5 gxf5 39. Ka4
Kf6 40. Nc5 a5 41. Kb5 Ke5 42. Kc6 Bd8 43. Nb7 Be7 44. Nxa5 Kf4 45. Nb3 Kxf3
46. a4 Kg3 47. Nd4 f4 48. Ne2+ Kf3 49. Nxf4 Kxf4 50. a5 Bh4 51. a6 Bf2 52. c5
1-0